[Event "Damhus-ch B"]
[Site "Rodovre"]
[Date "2013.09.03"]
[Round "1"]
[White "Henriksen, Franz"]
[Black "Breinholt, Bendt"]
[Result "1-0"]
[WhiteElo "1456"]
[BlackElo "1000"]
[PlyCount "53"]
[EventDate "2013.09.03"]
[EventType "swiss"]
[EventRounds "7"]
[EventCountry "DEN"]
[SourceTitle "EXT 2023"]
[Source "ChessBase"]
[SourceDate "2022.10.05"]
[SourceVersion "1"]
[SourceVersionDate "2022.10.05"]
[SourceQuality "1"]

1. f4 f5 2. Nf3 e6 3. b3 Bd6 4. d3 Nf6 5. Bb2 b6 6. e3 Nc6 7. Nbd2 Ng4 8. Nc4 b5 9. Nxd6+ cxd6 10. Qd2 Qe7 11. d4 a6 12. 0-0-0 a5 13. Bxb5 Nb4 14. a3 Ba6 15. Ba4 Nc6 16. h3 Nf6 17. c4 Ne4 18. Qc2 0-0 19. g4 d5 20. cxd5 exd5 21. Kb1 fxg4 22. hxg4 Rac8 23. Qh2 h6 24. g5 hxg5 25. Bxc6 dxc6 26. Ne5 Rf5 27. Qh8# 1-0

[Event "Damhus-ch D"]
[Site "Rodovre"]
[Date "2011.09.06"]
[Round "1"]
[White "Breinholt, Bendt"]
[Black "Jorgensen, Henry Lund"]
[Result "0-1"]
[WhiteElo "1000"]
[BlackElo "1316"]
[PlyCount "54"]
[EventDate "2011.09.06"]
[EventType "swiss"]
[EventRounds "7"]
[EventCountry "DEN"]
[SourceTitle "EXT 2023"]
[Source "ChessBase"]
[SourceDate "2022.10.05"]
[SourceVersion "1"]
[SourceVersionDate "2022.10.05"]
[SourceQuality "1"]

1. e4 c6 2. a4 e5 3. Nc3 d5 4. Nf3 d4 5. Ne2 Qa5 6. c3 Nf6 7. d3 Bg4 8. Bd2 Nbd7 9. Rb1 Bxf3 10. b4 Qc7 11. gxf3 c5 12. Rc1 a6 13. cxd4 exd4 14. Nxd4 Qd8 15. bxc5 Nxc5 16. Rc4 Nfd7 17. Qe2 Ne5 18. Qe3 Nxc4 19. dxc4 Nxa4 20. Bh3 Bc5 21. Qf4 Qxd4 22. Ke2 Qxf2+ 23. Kd3 Rd8+ 24. Kc2 0-0 25. Rd1 Qd4 26. Kb3 Qb2+ 27. Kxa4 Qa3# 0-1

[Event "Damhus-ch C"]
[Site "Rodovre"]
[Date "2010.09.16"]
[Round "1"]
[White "Breinholt, Bendt"]
[Black "Gemzoe, Bjorn"]
[Result "0-1"]
[WhiteElo "1000"]
[BlackElo "1280"]
[PlyCount "92"]
[EventDate "2010.09.07"]
[EventType "swiss"]
[EventRounds "7"]
[EventCountry "DEN"]
[SourceTitle "EXT 2023"]
[Source "ChessBase"]
[SourceDate "2022.10.05"]
[SourceVersion "1"]
[SourceVersionDate "2022.10.05"]
[SourceQuality "1"]

1. e4 c5 2. Nf3 Qa5 3. Bc4 e6 4. 0-0 b5 5. Be2 Bb7 6. Nc3 b4 7. Nb5 a6 8. Nbd4 cxd4 9. d3 Bc5 10. b3 Ne7 11. Bf4 d6 12. Qd2 e5 13. Bg3 Ng6 14. h3 Qd8 15. h4 Bc8 16. h5 Nf4 17. Bxf4 exf4 18. Qxf4 h6 19. e5 dxe5 20. Qxe5+ Be7 21. Qxg7 Rf8 22. Qxh6 Bb7 23. Qh7 Nc6 24. g3 Qd6 25. Rfe1 0-0-0 26. Nh4 Bxh4 27. gxh4 Qf4 28. Qe4 Qxe4 29. dxe4 Ne5 30. f4 Nd7 31. Bg4 Kb8 32. Rad1 Rg8 33. Kh2 Rxg4 34. Rxd4 Rxh4+ 35. Kg3 Rxh5 36. Kg4 Nf6+ 37. Kf3 Rxd4 38. Ke3 Rxe4+ 39. Kd2 Rh2+ 40. Kd1 Rd4+ 41. Kc1 Rdd2 42. Rd1 Rxc2+ 43. Kb1 Rb2+ 44. Ka1 Rxa2+ 45. Kb1 Be4+ 46. Kc1 Ra1# 0-1

[Event "Damhus-ch C"]
[Site "Rodovre"]
[Date "2010.09.14"]
[Round "2"]
[White "Jorgensen, Henry Lund"]
[Black "Breinholt, Bendt"]
[Result "1-0"]
[WhiteElo "1339"]
[BlackElo "1000"]
[PlyCount "91"]
[EventDate "2010.09.07"]
[EventType "swiss"]
[EventRounds "7"]
[EventCountry "DEN"]
[SourceTitle "EXT 2023"]
[Source "ChessBase"]
[SourceDate "2022.10.05"]
[SourceVersion "1"]
[SourceVersionDate "2022.10.05"]
[SourceQuality "1"]

1. Nf3 Nf6 2. c4 d6 3. d4 Bf5 4. Nc3 Nc6 5. Bg5 d5 6. Bxf6 exf6 7. cxd5 Ne7 8. e4 Bg4 9. Bb5+ Bd7 10. Bxd7+ Qxd7 11. Qb3 0-0-0 12. 0-0 Kb8 13. Rfc1 a6 14. Qc2 g6 15. a4 Bh6 16. Rcb1 f5 17. Ne5 Qe8 18. b4 c6 19. dxc6 Rxd4 20. cxb7 f6 21. Nd3 Qd8 22. Nc5 Rd2 23. Qb3 Qd4 24. Nd1 Nc6 25. b5 Qxc5 26. bxc6 Qxc6 27. Rc1 Qxe4 28. Ne3 f4 29. Rc8+ Rxc8 30. bxc8Q+ Kxc8 31. Qc3+ Kd7 32. Qxd2+ Ke6 33. Ng4 f3 34. Nxh6 Qe5 35. Re1 Qxe1+ 36. Qxe1+ Kd7 37. Ng8 f5 38. Qe5 h5 39. Nf6+ Kc6 40. Qd5+ Kc7 41. a5 fxg2 42. Qd7+ Kb8 43. Nd5 Ka8 44. Nb6+ Kb8 45. Qc8+ Ka7 46. Qa8# 1-0

[Event "Rodovre-ch C"]
[Site "Rodovre"]
[Date "2009.09.29"]
[Round "5"]
[White "Breinholt, Bendt"]
[Black "Gemzoe, Bjorn"]
[Result "0-1"]
[WhiteElo "1000"]
[BlackElo "1197"]
[PlyCount "40"]
[EventDate "2009.09.01"]
[EventType "tourn"]
[EventRounds "7"]
[EventCountry "DEN"]
[SourceTitle "EXT 2023"]
[Source "ChessBase"]
[SourceDate "2022.10.05"]
[SourceVersion "1"]
[SourceVersionDate "2022.10.05"]
[SourceQuality "1"]

1. e4 e5 2. Nc3 Bc5 3. Bc4 Qf6 4. Nf3 c6 5. 0-0 h6 6. a3 a6 7. b4 Ba7 8. Bb2 d6 9. h3 g5 10. Ne2 Ne7 11. d4 Ng6 12. d5 c5 13. bxc5 Bxc5 14. a4 h5 15. Bc1 Nf4 16. Ng3 g4 17. hxg4 Bxg4 18. Kh2 h4 19. Bxf4 Qxf4 20. Rh1 Bxf2 0-1

[Event "Rodovre-ch C"]
[Site "Rodovre"]
[Date "2009.09.22"]
[Round "4"]
[White "Wadtland, Flemming"]
[Black "Breinholt, Bendt"]
[Result "1-0"]
[WhiteElo "1145"]
[BlackElo "1000"]
[PlyCount "85"]
[EventDate "2009.09.01"]
[EventType "tourn"]
[EventRounds "7"]
[EventCountry "DEN"]
[SourceTitle "EXT 2023"]
[Source "ChessBase"]
[SourceDate "2022.10.05"]
[SourceVersion "1"]
[SourceVersionDate "2022.10.05"]
[SourceQuality "1"]

1. f4 d5 2. Nf3 g6 3. e3 Bh6 4. b3 Nf6 5. Bb2 0-0 6. h3 Ne4 7. g4 Bg7 8. c3 h6 9. d3 Nd6 10. Qc2 c6 11. Nbd2 Be6 12. 0-0-0 Qb6 13. Re1 Nd7 14. Re2 f5 15. Nd4 Bxd4 16. exd4 Rf6 17. g5 hxg5 18. fxg5 Rf7 19. Rxe6 Rh7 20. Rxg6+ Kh8 21. Nf3 Nf8 22. Rh6 Nf7 23. Rxh7+ Kxh7 24. Qg2 Qc7 25. Qh2 f4 26. Kb1 Ng6 27. h4 Nf8 28. h5 Kh8 29. Bc1 Ne6 30. g6 Nh6 31. Ne5 c5 32. Bh3 Qb6 33. Bxe6 Qxe6 34. Bxf4 Kg7 35. Bxh6+ Kxh6 36. Qf4+ Kg7 37. h6+ Kg8 38. h7+ Kg7 39. Qh6+ Kf6 40. Rf1+ Qf5 41. Rxf5+ Kxf5 42. h8Q Rxh8 43. Qxh8 1-0